| 000 | 01226cam a2200373 a 4500 | ||
|---|---|---|---|
| 999 |
_c10034 _d10034 |
||
| 001 | 14655982 | ||
| 003 | GBCCL | ||
| 005 | 20241126110724.0 | ||
| 008 | 061205s2006 ii b 000 0 eng | ||
| 010 | _a 2006454259 | ||
| 020 | _a8172149263 | ||
| 020 | _a9788172149260 | ||
| 025 | _aI-E-2006-454259; 13; 70-90 | ||
| 037 |
_bLibrary of Congress -- New Delhi Overseas Office _cRs125.00 |
||
| 040 |
_aDLC _cDLC _dDLC |
||
| 042 | _alcode | ||
| 050 | 0 | 0 |
_aBT83.55 _b.C486 2006 |
| 082 |
_a270.082 _bBRE |
||
| 100 | 1 |
_aChung, Meehyun, _d1963- _917436 |
|
| 245 | 1 | 0 |
_aBreaking silence : _btheology from Asian women's perspective / _cMeehyun Chung. |
| 260 |
_aDelhi : _bISPCK/EATWOT, _c2006. |
||
| 300 |
_axii, 171 p. ; _c23 cm. |
||
| 504 | _aIncludes bibliographical references. | ||
| 520 | _aContributed research papers. | ||
| 650 |
_aAsia _917438 |
||
| 650 |
_aChurch history _9117 |
||
| 650 |
_aChurch history _v21st century _917439 |
||
| 700 | 1 |
_aChung, Meehyun, _d1963- _917436 |
|
| 710 | 2 |
_aEcumenical Association of Third World Theologians. _917437 |
|
| 710 | 2 |
_aI.S.P.C.K. (Organization) _9393 |
|
| 906 |
_a7 _bcbc _corigode _d3 _encip _f20 _gy-gencatlg |
||
| 942 |
_2ddc _cBK |
||